header

Probability models for DNA sequence evolution (Record no. 6537)

MARC details
000 -LEADER
fixed length control field 01554nam a2200385Ia 4500
001 - CONTROL NUMBER
control field ebr10274633
003 - CONTROL NUMBER IDENTIFIER
control field CaPaEBR
006 - FIXED-LENGTH DATA ELEMENTS--ADDITIONAL MATERIAL CHARACTERISTICS--GENERAL INFORMATION
fixed length control field m u
007 - PHYSICAL DESCRIPTION FIXED FIELD--GENERAL INFORMATION
fixed length control field cr cn|||||||||
008 - FIXED-LENGTH DATA ELEMENTS--GENERAL INFORMATION
fixed length control field 080613s2008 nyua sb 001 0 eng d
010 ## - LIBRARY OF CONGRESS CONTROL NUMBER
Canceled/invalid LC control number 2008929756
020 ## - INTERNATIONAL STANDARD BOOK NUMBER
Cancelled/invalid ISBN 0387781684 (hbk. : alk. paper)
Cancelled/invalid ISBN 0387781692 (e-ISBN)
Cancelled/invalid ISBN 9780387781686 (hbk. : alk. paper)
Cancelled/invalid ISBN 9780387781693 (e-ISBN)
040 ## - CATALOGING SOURCE
Original cataloging agency CaPaEBR
Transcribing agency CaPaEBR
035 ## - SYSTEM CONTROL NUMBER
System control number (OCoLC)317883343
050 14 - LIBRARY OF CONGRESS CALL NUMBER
Classification number QH438.4.S73
Item number D87 2008eb
100 1# - MAIN ENTRY--PERSONAL NAME
Personal name Durrett, Richard,
Dates associated with a name 1951-
245 10 - TITLE STATEMENT
Title Probability models for DNA sequence evolution
Medium [electronic resource] /
Statement of responsibility, etc Richard Durrett.
250 ## - EDITION STATEMENT
Edition statement 2nd ed.
260 ## - PUBLICATION, DISTRIBUTION, ETC. (IMPRINT)
Place of publication, distribution, etc New York :
Name of publisher, distributor, etc Springer,
Date of publication, distribution, etc c2008.
300 ## - PHYSICAL DESCRIPTION
Extent xii, 431 p. :
Other physical details ill.
490 1# - SERIES STATEMENT
Series statement Probability and its applications
504 ## - BIBLIOGRAPHY, ETC. NOTE
Bibliography, etc Includes bibliographical references (p. [399]-426)and index.
533 ## - REPRODUCTION NOTE
Type of reproduction Electronic reproduction.
Place of reproduction Palo Alto, Calif. :
Agency responsible for reproduction ebrary,
Date of reproduction 2009.
Note about reproduction Available via World Wide Web.
-- Access may be limited to ebrary affiliated libraries.
650 #0 - SUBJECT ADDED ENTRY--TOPICAL TERM
Topical term or geographic name as entry element Evolutionary genetics
General subdivision Statistical methods.
Topical term or geographic name as entry element Nucleotide sequence
General subdivision Statistical methods.
Topical term or geographic name as entry element Probabilities.
Topical term or geographic name as entry element Variation (Biology)
General subdivision Statistical methods.
655 #7 - INDEX TERM--GENRE/FORM
Genre/form data or focus term Electronic books.
Source of term local
710 2# - ADDED ENTRY--CORPORATE NAME
Corporate name or jurisdiction name as entry element ebrary, Inc.
830 #0 - SERIES ADDED ENTRY--UNIFORM TITLE
Uniform title Springer series in statistics.
Name of part/section of a work Probability and its applications.
856 40 - ELECTRONIC LOCATION AND ACCESS
Uniform Resource Identifier <a href="http://site.ebrary.com/lib/rucke/Doc?id=10274633">http://site.ebrary.com/lib/rucke/Doc?id=10274633</a>
Public note An electronic book accessible through the World Wide Web; click to view

No items available.

© 2026 Rongo University
Contact us: librarian | system librarian | Rongo university